00476nam a22001697a 450000500170000001000150001702000260003203500140005803700090007208200130008110000180009424500540011225000060016626000400017227000740021230000200028620260121151251.0 aENG-147615 a9788119670154c595.00 aEN-131147 bDBAD a158.121 aAron, Sunita  aSatraps, Coalitions and Power Games/cSunita Aron a1 aNew DelhibVitasta Publishingc2025 a2/15,Ansari Road,Daryaganj,bNew Delhie110002mvitastapublishing.com a244p.c22cm(hb)